| 000 | 00803nam a2200301 a 4500 | ||
|---|---|---|---|
| 003 | AR-BaBNM | ||
| 005 | 20251128210110.0 | ||
| 008 | 082120s2002 ||||||||||||||000 | spa|| | ||
| 020 | _a84-7827-161-9 | ||
| 040 | _cAR-BaBNM | ||
| 100 | 1 | _aBonal, Xavier | |
| 245 | 0 | 0 | _aLas actitudes del profesorado ante la coeducación |
| 250 | _a1ª ed. | ||
| 260 |
_aBarcelona _bGraó _c1997 |
||
| 300 | _a109 p. | ||
| 490 | 0 |
_aBiblioteca de aula _v114 |
|
| 500 | _aContiene referencias bibliográficas | ||
| 650 | 4 | _aCOEDUCACION | |
| 650 | 4 | _aACTITUD DEL DOCENTE | |
| 650 | 4 | _aROL DEL DOCENTE | |
| 650 | 4 | _aDIFERENCIAS ENTRE SEXOS | |
| 650 | 4 | _aEDUCACION SEXISTA | |
| 650 | 4 | _aIGUALDAD DE EDUCACION | |
| 653 | _aDISCRIMINACION EDUCATIVA | ||
| 653 | _aGENERO | ||
| 942 | _cBK | ||
| 998 | _cRaquel | ||
| 999 |
_c14040 _d14040 |
||